000 00493nas a2200169 4500
001 000037400
005 20200930080337.0
008 120402c20069999dr mr1p dd 0 0spa d
040 _aDO-SdBNP
_bspa
_cBNPHU
043 _anwdr
245 0 0 _aUrbanita ultilitaria unisex utópica.
260 _aSanto Domingo :
_bAsalvo Comunicación,
_c2006.
300 _av. :
_bil. ;
_c20 cm.
310 _aMensual
362 1 _aNo. 6 (obtubre 2006)
500 _aCatalogación basada en : No. 6 (obtubre 2006)
999 _c36890
_d36890